Médailles de ski (ESF) - Statistiques

Statistiques générales
  • Ce quiz a été pris 252 fois
  • Le résultat moyen est 7 sur 12
Statistiques - réponses
Niveaux en ski (ESF) % Correct
Ourson
95%
Flocon
91%
Piou Piou
87%
Etoile d'or
75%
Etoile de bronze
72%
Etoile d'argent
71%
1ère étoile
58%
2ème étoile
58%
3ème étoile
58%
Garolou
20%
Sifflote
18%
Blanchot
17%
Aucun quiz correspondant
Distribution des résultats
% des personnes avec chaque résultat
Percentile par nombre de réponses
Votre historique - résultats
Vous n’avez pas pris ce quiz